60 years of TV quotes Quiz Stats

Quiz not verified by Sporcle

Challenge
Share
Tweet
Embed
Score 0/61 Timer 20:00
0 Plays Today
Quote TV show/mini-series % Correct
I didn't get the annulment. We're still married. Don't tell Rachel. Okay, see you later...Friends
79.7%
Hi-ho,silver, away. The Lone Ranger
79.4%
Is that your final answer?Who Wants to be a Millionaire
79.4%
Listen! The Fonz is gonna jump a shark! Happy Days
78.7%
Space, the final frontier. These are the voyages of the starship Enterprise. Star Trek
76.7%
Come on down! You're the next contestant on '[*SHOW NAME*].' Price is Right
75.1%
Thanks, Niles. You are a good brother and a credit to the psychiatric profession.Frasier
74.8%
No soup for you!Seinfeld
74.4%
You know, there's one thing dumber than a squirrel... -and that's a sponge! I mean, look at me! I got no bones!SpongeBob SquarePants
72.8%
Tim is at his most romantic during the Dollar Days sale at Sears. All I have to do is wear a negligee and hold up a tool catalogue.Home Improvement
71.8%
I'm your Vitameatavegamin Girl. Are you tired, run down, listless? Do you pop out at parties? Are you unpoopular? I Love Lucy
70.1%
Gee Wally, that's swell. Leave it to Beaver
70.1%
The code of the schoolyard, Marge! Let's see; don't tattle, always make fun of those different from you, never say anything unless you're sure everyone feels exactly the same way.The Simpsons
68.8%
Every sport has had an icon who transcends the game. Boxing had Ali, basketball had Jordan, and the sport of sleeping with random hotties has my next guest, Mr Barney StinsonHow I Met Your Mother
67.8%
You are traveling through another dimension, a dimension not only of sight and sound but of mind. A journey into a wondrous land of imagination.The Twilight Zone
67.4%
You can't tell Cory and Topanga what to do. I've been trying to do that since the first grade.Boy Meets World
65.4%
Sue Ellen, you're not a wife, you're not a mother, and you sure as hell are not a Ewing! Dallas
63.5%
Koothrapalli's going to wet himself, I'm going to throw up, Sheldon's going to run away, and you're going to die. Shall we synchronize our watches?Big Bang Theory
58.8%
I happen to love my wife, Al. Oh, God. What am I going to tell Marcy? What if she leaves me? Who'll have me? A bald banker.Married...with Children
55.5%
Ladies and gentlemen, the story you are about to see is true. The names have been changed to protect the innocent. Dragnet
52.8%
Mr. Sheffield, the only thing that Andrew Lloyd Webber has that you don't is a middle name.The Nanny
52.2%
You being colored, I know you had no choice in that. But what ever made you turn Jew?All in the Family
51.8%
I am going to need something to kill time before my second beer. How about a first one?Cheers
49.5%
I mean, you're a doctor and Mom's a lawyer, but I don't love you any less because you're my dad.The Cosby Show
49.5%
There's two kinds of doctors: the kind that get rid of their feelings and the kind that hold on to them. If you hold on to your feelings you're going to get sick once in a while.ER
49.2%
This is the story of two sisters. Jessica Tate and Mary Campbell. These are the Tates, and these are the Campbells, and this is [*SHOW NAME*].Soap
43.5%
I always like to think that our little newsroom was one big happy family. In my innocence, little did I suspect we'd be harboring a backstabber in our very bosom.The Mary Tyler Moore Show
43.2%
Hang onto your brains, fellow babies, this is Doctor Johnny Fever and have I got a contest for you! First prize is, you don't have to die! Second prize, a pocket comb!WKRP in Cincinnati
41.2%
Now Maddie, I don't want you to panic but there is a dead man in the back of the car.Moonlighting
39.5%
If my parents move to Lanford, I'm going to be sleeping on a cot for the rest of my life because I'm going to be in prison for blowing them away.Roseanne
39.2%
I work hard all day, too, and what do I get? A lot of yak from you. You at least get out everyday, see things, talk to people. I never get out of this cave.The Flintstones
38.2%
Quote TV show/mini-series % Correct
Where is that nincompoop Badenov? Who is this? Rocky and His Friends
34.9%
Uh uh. Sorry, Slimy, time for sleep now. So close your eyes and dream of all the wonderful Trash that's yet to come. Sesame Street
34.9%
Fact. Bears eat beets. Bears. Beets. Battlestar Galactica.The Office
33.9%
And here he is, the one, the only: Groucho!You Bet Your Life
28.2%
Har har, hardee har har! The Honeymooners
27.6%
I just don't know why they're shooting at us. All we want to do is bring them democracy and white bread. Transplant the American Dream.M*A*S*H
27.6%
Most people associate hospitals with disease. I think of romance. But that's another story. St. Elsewhere
26.6%
If you're gonna to use that gun, you better start on me. Gunsmoke
22.3%
Listen, for years people goin' around saying, 'Black is beautiful.' They took one look at your family and said, 'Hold everything!' Sanford and Son
22.3%
Oh, I know, I just never been a really good flyer. My husband keeps reminding me that planes wanna be in the air.Lost
21.6%
You’re breaking union rules. Our insurance doesn’t cover any of this. And you’re potentially infringing on Warner Brothers intellectual property. Shut this down!30 Rock
21.3%
'You leave me little notes on my pillow. I told you a hundred-and-sixty-eight times I can't .. stand .. little notes on my pillow! 'We are all out of Corn Flakes. -F.U.'The Odd Couple
20.6%
It's this building... it makes people nuts. It must be something in the water, something to do with the pool. Come to think of it, I was normal when I moved in. Melrose Place
19.9%
You're tough, Bill.You're the toughest Army barber I know.King of the Hill
17.9%
Okay, you have got to stop calling your nose the Super Smeller. If you want to name a body part, man, name your butt. Call it the Tight-Bouncer or the Hexagon.Psych
15%
Now here at the Rock we have two rules. Memorize them until you can say them in your sleep. Rule number one: obey all rules. Rule number two: no writing on the walls. The Andy Griffith Show
13%
This gun was handcrafted to my specifications and I rarely draw it unless I mean to use it. Would you care for a demonstration? Have Gun - Will Travel
12.6%
When the other little kids played hide and seek, Little Milby started his first business. The Beverly Hillbillies
11.6%
We're a little late, so good night, folks.The Jack Benny Program
11%
Hey, Joe, do you know the difference between a table and an ottoman? Bonanza
10%
O'Reilly, I have seen more intelligent creatures than you lying on their backs at the bottoms of ponds. I never want to see you or any of your men in my hotel again.Fawlty Towers
10%
See, Lindsay. Nothing 'bout you and me should ever be rushed. I made that mistake before, but I'm not gonna make it with you. Cause we've got time.Freaks and Geeks
9%
Allow me to introduce myself. I'm Chief Constable There'samanbehindyou.Monty Python's Flying Circus
8.6%
Is there anybody in Rome who has not slept with my daughter?I, Claudius
6.3%
I don't believe that man was made to be controlled by machines. Machines can make laws but they can not preserve justice. Only human beings can do that.Doctor Who
5.3%
Welcome to Swineville, Peter, a happy, sleepy, little hillbilly town where seemingly innocent, nice, naive people turn just like that to a vengeful, hateful mob.The Monkees
5%
Harry, I'm going to let you in on a little secret. Every day, once a day, give yourself a present. Don't plan it. Don't wait for it. Just let it happen.Twin Peaks
5%
Al if you're not dead and already moldering I send news to revive you. A fish to rival the fabled Leviathan has swum into our waters. Get well soon and we'll land the @# together.Deadwood
5%
There are songs to sing, there are feelings to feel, there are thoughts to think. That makes three things, and you can't do three things at the same time. The singing is easy.The Singing Detective
3%
I don't remember killing Dr. Loveless. Artie, did you...? Brideshead Revisited
2%

You're not logged in!

Compare scores with friends on all Sporcle quizzes.
Join for Free
OR
Log In

You Might Also Like...

Show Comments

Extras

Created May 13, 2010ReportNominate
Tags:Quote Quiz, Show Quiz, ministry

Top Quizzes Today


Score Distribution

Your Account Isn't Verified!

In order to create a playlist on Sporcle, you need to verify the email address you used during registration. Go to your Sporcle Settings to finish the process.

Report this User

Report this user for behavior that violates our Community Guidelines.

Details: